000 00587nam a2200181 i 4500
001 114006
003 ES-MaACL
005 20250716081418.0
007 t|
008 061121s1914 fr |||| | fre d
100 1 _aPailleron, Marie-Louise.
_988323
245 1 0 _aFrançois Buloz et ses amis
_b: la vie litteraire sous Louis-Philippe /
_cMarie-Louise Pailleron.
260 _aParis :
_bCalmann-Levy,
_c1914.
300 _aII, 460 p. 1 lám. ;
_c24 cm.
650 4 _aLiteratura francesa-
_yS.XIX-
_xHistoria y crítica
_914589
852 _aES-MaACL
_jG-5179
999 _c114006
_d114006